| 000 | 01449cad a22002775a 4500 | ||
|---|---|---|---|
| 001 | L140336 | ||
| 008 | 070919s2007 xxko f 000 0 eng d | ||
| 035 | _a(Sirsi) u140336 | ||
| 041 | 0 | _aeng | |
| 050 | 0 | 4 | _a690.241 $2 18 |
| 100 | 1 | _aPickard, Rob | |
| 245 | 0 | 2 |
_aA review of fiscal measures to benefit heritage conservation _h[electronic resource] |
| 260 |
_aLondon _bRICS _c2007 |
||
| 490 | 0 |
_aRICS Findings in Built and Rural Environments _vJuly 2007 |
|
| 520 | _aReviews the use of indirect fiscal incentives for heritage conservation in Western Europe and North America. Provides a summary of comparative fiscal funding mechanisms, considers the challenges facing policy makers, and highlights the benefits and costs of fiscal incentives. Concludes that fiscal measures have a key role to play in heritage conservation, because they offer incentives to occupiers, investors and developers without necessitating actual government expenditure. | ||
| 590 | _aKA | ||
| 651 | 4 | _aEurope | |
| 651 | 4 | _aUnited States | |
| 690 | _aBUILT ENVIRONMENT-BUILDING MAINTENANCE AND REFURBISHMENT-BUILDING CONSERVATION | ||
| 700 | 1 | _aPickerill, Tracy | |
| 710 | 2 |
_aRoyal Institution of Chartered Surveyors _bResearch _94902 |
|
| 710 | 2 |
_aNorthampton University _95353 |
|
| 710 | 2 |
_aDublin Institute of Technology _95354 |
|
| 856 | 4 | 0 |
_uhttps://www.rics.org/site/scripts/download_info.aspx?downloadID=3155 _zBroken link - not available |
| 942 | _n0 | ||
| 999 |
_c107484 _d107484 |
||